00472nam a2200145Ia 4500008004100000020001500041050001600056245012900072260002700201300001900228500002000247650001300267980003100280999001500311151021s9999 xx 000 0 und d a9966984283 aE330.A1991  a_The spirit of a nation An anlysis of policy,ethics and customary rules of conduct for regulation fertility levels in kenya  aNairobi Shirikon 1991  avi,210p. 20cm  aincludes index  a_ethics  a^d20101209 03:30:18^okorir c5329d5329